Biblioteca

Teach yourself New Testament Greek (Registro nro. 70969)

Detalles MARC
000 -LÍDER
Campo fijo de descripción fija 01830nam a2200409 i 4500
001 - NÚMERO DE CONTROL
Campo de control 768714001
003 - IDENTIFICADOR DEL NÚMERO DE CONTROL
Campo de control CO-MdFUSB
005 - FECHA Y HORA DE LA ULTIMA TRANSACCIÓN
control field 20260328124116.0
007 - CAMPO FIJO DE DESCRIPCIÓN FIJA--INFORMACIÓN GENERAL
Campo fijo de descripción fija ta
008 - ELEMENTOS DE LONGITUD FIJA -- INFORMACIÓN GENERAL
Campo fijo de descripción fija -- Información general 240924t19931995-usa|||| |||| 001 0 eng d
020 ## - NÚMERO INTERNACIONAL NORMALIZADO PARA LIBROS
Número Internacional Normalizado del libro 0-8407-1151-4
040 ## - FUENTE DE CATALOGACIÓN
Idioma de catalogación spa.
Agencia de catalogación original CO-MdFUSB
Agencia que realiza la transcripción CO-MdFUSB
Agencia que realiza la modificación CO-MdFUSBC
Convenciones de la descripción rda
041 ## - CÓDIGO DE IDIOMA
Código de idioma para texto/pista de sonido o título separado eng
041 ## - CÓDIGO DE IDIOMA
Código de idioma para texto/pista de sonido o título separado grc
082 ## - NÚMERO DE CLASIFICACIÓN DECIMAL DEWEY
Número de la edición del Dewey 23
Número de clasificación 487.4
Clave de autor-Numero de item M169
100 ## - ASIENTO PRINCIPAL--NOMBRE PERSONAL
Nombre personal Macnair, Ian,
Término relacionador autor
245 0# - TÍTULO
Título del Material Teach yourself New Testament Greek
Mención de responsabilidad, etc. / Ian Macnair
246 ## - FORMA VARIANTE DEL TITULO
Título propiamente dicho/forma breve del título Discovering New Testament Greek.
264 #1 - PRODUCCIÓN, PUBLICACIÓN, DISTRIBUCIÓN, MANUFACTURA, Y COPYRIGHT
Lugar de producción, publicación, distribución, manufactura Nashville, Atlanta :
Nombre del productor, publicador, distribuidor Thomas Nelson Publishrers,
Fecha de producción, publicación, distribución, manufactura, o copyright [1995]
264 #4 - PRODUCCIÓN, PUBLICACIÓN, DISTRIBUCIÓN, MANUFACTURA, Y COPYRIGHT
Lugar de producción, publicación, distribución, manufactura ©1995
300 ## - DESCRIPCIÓN FÍSICA
Extensión 488 páginas
Otros detalles físicos : ilustraciones
Dimensiones ; 23 cm
336 ## - TIPO DE CONTENIDO
Fuente rdacontent
Término de tipo de contenido texto
Código de tipo de contenido txt
337 ## - TIPO DE MEDIO
Fuente rdamedia
Nombre del tipo de medio sin mediación
Código del tipo de medio n
338 ## - TIPO DE SOPORTE
Fuente rdacarrier
Nombre del tipo de soporte volumen
Código Tipo de soporte nc
500 ## - NOTA GENERAL
Nota General Incluye índice y referencia bibliográfica
505 ## - NOTA DE CONTENIDO
Nota de contenido con formato preestablecido Aprendiendo el ABG: ¿el ABG? -- Griego que sabes: griego que no sabes. -- El caso de los diferentes finales. -- ¿De qué género es tu casa? -- Asuntos familiares. -- Dónde se desarrolla la acción. -- Palabras de Photofit. -- Informar de la acción. -- Dos maneras de verlo. -- Más poderes de descripción. -- Estableciendo conexiones. -- En el lado receptor. -- Propósito y potencial. -- Preguntas, preguntas. -- Conseguir el matiz adecuado. -- Contrainteligencia. -- Estructura superficial y significado profundo. -- En la carretera.
563 ## - NOTA DE ENCUADERNACIÓN
Nota de encuadernación Rústica
630 07 - TITULO UNIFORME
Título uniforme Biblia.
Nombre de parte o sección de la obra Nuevo Testamento
Subdivisión de materia general Lenguaje y estilo.
650 #7 - ASIENTO SECUNDARIO DE MATERIA - TERMINO TEMÁTICO
Término temático o nombre geográfico como elemento de entrada Hermenéutica bíblica
Fuente del encabezamiento o término embne
9 (RLIN) 7333
653 ## - TÉRMINO DE INDIZACIÓN - NO CONTROLADO
Término no controlado Griego del Nuevo Testamento Idioma griego — Gramática
653 ## - TÉRMINO DE INDIZACIÓN - NO CONTROLADO
Término no controlado Idioma griego — Gramática
653 ## - TÉRMINO DE INDIZACIÓN - NO CONTROLADO
Término no controlado Griego bíblico
653 ## - TÉRMINO DE INDIZACIÓN - NO CONTROLADO
Término no controlado Gramática griega
942 ## - TIPO DE MATERIAL (KOHA)
Tipo de Item KOHA Libros General
945 ## - INFORMACIÓN LOCAL DEL REGISTRO
Catalogador Catherine Arias Alvarez
Existencias
Estado de Material Estado de Perdido Forma de Clasificación Volumen-Parte/Tomo Estado de Dañado No para Préstamo Colección Tomo Biblioteca de Origen Biblioteca Permanente Fecha de Adquisición Total de Préstamos Signatura Topográfica Código de Barras Última vez visto Ejemplar/Existencia Fecha de Remplazo Tipo de Material
    Dewey Decimal Classification       Colección General   Biblioteca FUSBC Biblioteca FUSBC 25/09/2024   G 487.4 M169t 25045 24/09/2024 Ej. 1 24/09/2024 Libros General

Biblioteca FUSBC | Teléfono: (57+4) 349 88 10 Ext. 141| WhatsApp (+57) 3005338115 
E-mail: biblioteca@unisbc.edu.co | Calle 76 87-14 Robledo Palenque, Medellín, Colombia

Con tecnología Koha